Smallest Countries of Africa per Letter Minefield Quiz Stats

Quiz Updated Apr 25, 2018

Score 0/16 Timer 07:00
1 Play Today
Letter Country % Correct
D???
47.7%
L???
47.5%
C???
43.8%
B???
41%
R???
39.7%
U???
39.5%
Z???
39.2%
S???
36.9%
Letter Country % Correct
E???
34%
M???
33%
K???
31.5%
G???
31.4%
A???
30.8%
T???
30.8%
N???
12.5%
Mines???
8.1%

You're not logged in!

Compare scores with friends on all Sporcle quizzes.
Join for Free
OR
Log In

Show Comments

Extras

Top Quizzes Today


Score Distribution

Your Account Isn't Verified!

In order to create a playlist on Sporcle, you need to verify the email address you used during registration. Go to your Sporcle Settings to finish the process.

Report this User

Report this user for behavior that violates our Community Guidelines.

Details: